[Event "Montigny le Bretonneux Noel op 20th"]
[Site "Montigny le Bretonneux"]
[Date "2019.12.29"]
[Round "6"]
[White "Boucher, Francis"]
[Black "Tanchoux, Pierre"]
[Result "0-1"]
[WhiteElo "1100"]
[BlackElo "1322"]
[PlyCount "110"]
[EventDate "2019.12.27"]
[EventType "swiss"]
[EventRounds "7"]
[EventCountry "FRA"]
[SourceTitle "CBM 194 Extra"]
[Source "ChessBase"]
[SourceDate "2020.03.31"]
[SourceVersion "1"]
[SourceVersionDate "2020.03.31"]
[SourceQuality "1"]

1. d4 d5 2. c4 Nf6 3. Nc3 e6 4. Nf3 Nc6 5. Bf4 Bd6 6. Bxd6 cxd6 7. e3 0-0 8. Be2 dxc4 9. Bxc4 d5 10. Bb3 Bd7 11. 0-0 a6 12. Rc1 Qe7 13. Re1 b5 14. a3 Rfc8 15. Bc2 Rab8 16. Rb1 b4 17. axb4 Nxb4 18. Bb3 Rb6 19. Ne5 Rcb8 20. Nxd7 Qxd7 21. Ba4 Qd6 22. Re2 h5 23. h3 g5 24. f3 g4 25. f4 Kh8 26. g3 Rg8 27. Rh2 Rg7 28. Qe2 Kg8 29. e4 dxe4 30. Rd1 Nd3 31. Nxe4 Qxd4+ 32. Kf1 Qxe4 33. Qxe4 Nxe4 34. Rxd3 Nc5 35. Rd4 f6 36. hxg4 hxg4 37. Rd8+ Kf7 38. Be8+ Ke7 39. Ra8 Kd6 40. Rd2+ Kc7 41. Ra7+ Rb7 42. Ra8 Rh7 43. b4 Ne4 44. Rd3 Rh3 45. Kg2 Rxb4 46. Rxa6 Rb2+ 47. Kg1 Rxg3+ 48. Kf1 Rxd3 49. Ke1 Re3+ 50. Kd1 Rf3 51. Kc1 Rh2 52. Rc6+ Kd8 53. Rc2 Rf1+ 54. Kb2 Rxc2+ 55. Kxc2 Kxe8 0-1

[Event "Montigny le Bretonneux Noel op 20th"]
[Site "Montigny le Bretonneux"]
[Date "2019.12.27"]
[Round "2"]
[White "Boucher, Francis"]
[Black "Ries, Antoine"]
[Result "0-1"]
[WhiteElo "1100"]
[BlackElo "1313"]
[PlyCount "96"]
[EventDate "2019.12.27"]
[EventType "swiss"]
[EventRounds "7"]
[EventCountry "FRA"]
[SourceTitle "CBM 194 Extra"]
[Source "ChessBase"]
[SourceDate "2020.03.31"]
[SourceVersion "1"]
[SourceVersionDate "2020.03.31"]
[SourceQuality "1"]

1. d4 e6 2. c4 f5 3. Nf3 Nf6 4. Nc3 Be7 5. h3 0-0 6. Bf4 d5 7. c5 Nc6 8. e3 b6 9. b3 bxc5 10. Ne5 Nxe5 11. Bxe5 cxd4 12. Bxd4 c5 13. Be5 Nd7 14. Bg3 Bf6 15. Rc1 Qa5 16. Qd3 d4 17. Qb5 Qxb5 18. Nxb5 Bb7 19. Bc4 Bd5 20. Nc7 Rac8 21. Nxe6 Bxc4 22. Nxf8 Nxf8 23. Rxc4 Ne6 24. exd4 Nxd4 25. Bd6 Re8+ 26. Kd1 Rd8 27. Bh2 Nxb3+ 28. Ke2 Rd2+ 29. Kf3 Rxa2 30. Rd1 Nd2+ 31. Rxd2 Rxd2 32. Rxc5 Bd4 33. Rc8+ Kf7 34. Bg3 a5 35. Ra8 Ra2 36. Ra6 a4 37. Kf4 Bxf2 38. Ra5 Bxg3+ 39. Kxg3 g6 40. Ra7+ Kg8 41. Kf3 Ra1 42. g4 fxg4+ 43. Kxg4 a3 44. Kg5 a2 45. Kh6 Rh1 46. Rg7+ Kf8 47. Ra7 a1Q 48. Rxa1 Rxa1 0-1

[Event "Montigny le Bretonneux Noel op 19th"]
[Site "Montigny le Bretonneux"]
[Date "2018.12.29"]
[Round "6"]
[White "Boucher, Francis"]
[Black "Meunier, Mathieu"]
[Result "1-0"]
[WhiteElo "1148"]
[BlackElo "1150"]
[PlyCount "82"]
[EventDate "2018.12.26"]
[EventType "swiss"]
[EventRounds "7"]
[EventCountry "FRA"]
[SourceTitle "CBM 188 Extra"]
[Source "ChessBase"]
[SourceDate "2019.02.28"]
[SourceVersion "1"]
[SourceVersionDate "2019.02.28"]
[SourceQuality "1"]

1. d4 d5 2. c4 c6 3. Nf3 Nf6 4. e3 Bf5 5. Nc3 e6 6. Nh4 Bg4 7. Be2 Bf5 8. Nxf5 exf5 9. cxd5 cxd5 10. f3 Bd6 11. Qc2 Qd7 12. Bd2 0-0 13. b3 Nc6 14. Qb2 Rfe8 15. Bb5 Rad8 16. 0-0-0 Qe7 17. Kb1 Ba3 18. Qa1 Nb4 19. Bxe8 Qxe8 20. Bc1 Bxc1 21. Rxc1 Qxe3 22. Rhd1 Rc8 23. Re1 Qf4 24. Qb2 Qxh2 25. a3 Nc6 26. b4 Rf8 27. Qf2 Qh6 28. Re2 Qg6 29. Kb2 f4 30. Rce1 a6 31. b5 Na5 32. Re7 Nc4+ 33. Kb3 Nd6 34. Na4 Nc8 35. Rxb7 Qd3+ 36. Nc3 Nd6 37. Rb6 Nc8 38. Rxa6 Qc4+ 39. Kc2 h6 40. Rc6 Qxc6 41. bxc6 g5 1-0

[Event "Montigny Autumn-C 17th"]
[Site "Montigny le Bretonneux"]
[Date "2018.10.26"]
[Round "7"]
[White "Rafalimanana, Hary"]
[Black "Boucher, Francis"]
[Result "1-0"]
[WhiteElo "1399"]
[BlackElo "1093"]
[PlyCount "64"]
[EventDate "2018.10.20"]
[EventType "tourn"]
[EventRounds "8"]
[EventCountry "FRA"]
[SourceTitle "EXT 2020"]
[Source "ChessBase"]
[SourceDate "2019.10.17"]
[SourceVersion "1"]
[SourceVersionDate "2019.10.17"]
[SourceQuality "1"]

1. e4 e5 2. Nf3 Nc6 3. Bc4 Bc5 4. b4 Bxb4 5. c3 Be7 6. d4 Nf6 7. 0-0 d6 8. Nbd2 Na5 9. Be2 Nc6 10. Bc4 0-0 11. Re1 Na5 12. Bd3 Nc6 13. Nf1 Bg4 14. Bb2 d5 15. Ng3 dxe4 16. Nxe4 Re8 17. Re3 Bf8 18. Qc2 Bxf3 19. Rxf3 exd4 20. Ng5 g6 21. Qb3 Ne5 22. Nxf7 Nxf7 23. Bc4 Qd7 24. Rxf6 Re7 25. cxd4 Rc8 26. Bc3 Bg7 27. Rf4 g5 28. Rf3 Bxd4 29. Rd1 Bxf2+ 30. Kxf2 Ree8 31. Rxf7 Rf8 32. Rxf8+ Kxf8 1-0

[Event "Montigny le Bretonneux Noel op 18th"]
[Site "Montigny le Bretonneux"]
[Date "2017.12.27"]
[Round "2"]
[White "Montay, Jean Paul"]
[Black "Boucher, Francis"]
[Result "1-0"]
[WhiteElo "1360"]
[BlackElo "1224"]
[PlyCount "73"]
[EventDate "2017.12.26"]
[EventType "swiss"]
[EventRounds "7"]
[EventCountry "FRA"]
[SourceTitle "CBM 182 Extra"]
[Source "ChessBase"]
[SourceDate "2018.02.23"]
[SourceVersion "1"]
[SourceVersionDate "2018.02.23"]
[SourceQuality "1"]

1. c4 e5 2. Nc3 Bb4 3. g3 Nc6 4. Bg2 Nge7 5. Nf3 0-0 6. 0-0 d5 7. Nxd5 Nxd5 8. cxd5 Qxd5 9. a3 Qa5 10. Rb1 Bd6 11. b4 Qb6 12. d3 Qb5 13. Bb2 f6 14. Nd2 Nxb4 15. axb4 Qxb4 16. Nc4 Qb5 17. Nxd6 cxd6 18. Ba3 Qd7 19. Qb3+ Kh8 20. Rfc1 Rb8 21. Rc2 b6 22. Rbc1 Rf7 23. Rc7 Qxc7 24. Rxc7 Rxc7 25. Qd5 Bd7 26. Qxd6 Rbc8 27. d4 exd4 28. Qxd4 b5 29. Bb4 a6 30. h3 Be6 31. Ba5 Rc5 32. Qd6 Bg8 33. Qxa6 Bc4 34. Qb6 Bxe2 35. Kh2 Bc4 36. Bb4 R5c6 37. Bxc6 1-0